书目信息 |
| 题名: |
高效成交的催眠式销售
|
|
| 作者: | 赵英凯 编著 | |
| 分册: | ||
| 出版信息: | 北京 中国纺织出版社 2018 |
|
| 页数: | 196页 | |
| 开本: | 24cm | |
| 丛书名: | ||
| 单 册: | ||
| 中图分类: | F713.3 | |
| 科图分类: | ||
| 主题词: | 销售--方法 | |
| 电子资源: | ||
| ISBN: | 978-7-5180-4594-5 | |
| 000 | 00910nam0 2200241 450 | |
| 001 | 012001003555 | |
| 005 | 20140926114741.0 | |
| 010 | @a978-7-5180-4594-5@dCNY36.80 | |
| 100 | @a20180513d2018 em y0chiy50 ea | |
| 101 | 0 | @achi |
| 102 | @aCN@b110000 | |
| 105 | @ay z 000yy | |
| 106 | @ar | |
| 200 | 1 | @a高效成交的催眠式销售@9gao xiao cheng jiao de cui mian shi xiao shou@f赵英凯编著 |
| 210 | @a北京@c中国纺织出版社@d2018 | |
| 215 | @a196页@d24cm | |
| 314 | @a赵英凯,青年励志演说家、爱国演说家,国内营销团队建设教练、亚洲营销培训师、冠宇国际商学院创始人、领航商学院院长、北京巴特尔文化传媒有限公司董事长。 | |
| 330 | @a本书从洞悉客户心理的角度,教读者如何运用催眠的技巧来引导客户接受建议,进而让读者顺利达成交易,快速提升销售业绩。 | |
| 606 | 0 | @a销售@x方法 |
| 690 | @aF713.3@v5 | |
| 701 | 0 | @a赵英凯@9zhao ying kai@4编著 |
| 801 | 0 | @aCN@b上海新华@c20180901 |
| 905 | @b1163093-7@dF713.3@e1071@f5 | |
| 高效成交的催眠式销售/赵英凯编著.-北京:中国纺织出版社,2018 |
| 196页;24cm |
| ISBN 978-7-5180-4594-5:CNY36.80 |
| 本书从洞悉客户心理的角度,教读者如何运用催眠的技巧来引导客户接受建议,进而让读者顺利达成交易,快速提升销售业绩。 |
| ● |
| 相关链接 |
|
|
|
|
正题名:高效成交的催眠式销售
索取号:F713.3/1071
 
预约/预借
| 序号 | 登录号 | 条形码 | 馆藏地/架位号 | 状态 | 备注 |
| 1 | 1163093 | 211630939 | 第一样本阅览室/ [索取号:F713.3/1071] | 在馆 | |
| 2 | 1163094 | 211630948 | 第一借阅区/ [索取号:F713.3/1071] | 在馆 | |
| 3 | 1163095 | 211630957 | 第一借阅区/ [索取号:F713.3/1071] | 在馆 | |
| 4 | 1163096 | 211630966 | 密集书库-海洋学院/ [索取号:F713.3/1071] | 在馆 | |
| 5 | 1163097 | 211630975 | 第一借阅区/ [索取号:F713.3/1071] | 在馆 |